Data mining techniques : for marketing, sales, and customer relationship management
Αποθηκεύτηκε σε:
| Κύριος συγγραφέας: | |
|---|---|
| Άλλοι συγγραφείς: | |
| Μορφή: | Βιβλίο |
| Γλώσσα: | English |
| Δημοσίευση: |
Canada :
Wiley Pub.,
2004
|
| Έκδοση: | 2nd ed. |
| Θέματα: | |
| Ετικέτες: |
Προσθήκη ετικέτας
Δεν υπάρχουν, Καταχωρήστε ετικέτα πρώτοι!
|
MARC
| LEADER | 00000nam a2200000 i 4500 | ||
|---|---|---|---|
| 001 | 1/47120 | ||
| 008 | 070629s2004 eng d | ||
| 020 | |a 0-471-47064-3 (paper/website) | ||
| 035 | |l 10088557 | ||
| 040 | |a GR-MY-UA |b gre |e aacr | ||
| 041 | 0 | |a eng | |
| 082 | 0 | |a 658.802 |2 (22) | |
| 100 | 1 | |a Berry, Michael J. A. | |
| 245 | 1 | 0 | |a Data mining techniques : |b for marketing, sales, and customer relationship management / |c Michael J.A. Berry, Gordon S. Linoff |
| 250 | |a 2nd ed. | ||
| 260 | |a Canada : |b Wiley Pub., |c 2004 | ||
| 300 | |a xxv, 643 σ.; |b διαγρ., πίν.; |c 24 εκ. | ||
| 504 | |a Περιέχει ευρετήριο | ||
| 650 | 0 | 0 | |a Data mining. |
| 650 | 0 | 0 | |a Marketing |x Data processing. |
| 650 | 0 | 0 | |a Business |x Data processing. |
| 700 | 0 | |a Linoff, Gordon. | |
| 852 | |a INST |b LESVOS |e 20070629 |h 658.802 BER |p 005100037881 |q 005100037881 |t BK |y 0 | ||
| 901 | |a BIBL1-2007-2 | ||
| 909 | |a Λ |b 135416 | ||
| 922 | |a 1ΕΛΗ |b 200706 |c ΕΠΕΑΕΚ2/ΤΓ |d ΠΑΠΑΣΩΤΗΡΙΟΥ | ||
| 970 | |a ΒΑΡΚΑ |b ΕΛΕΥΘΕΡΙΑ |z 2007/06/29 | ||